• AIU
  • Tony Wilmot Memorial Library

Arabic grammar and Qur'anic exegesis in early Islam / (Record no. 52684)

MARC details
000 -LEADER
fixed length control field 01081cam a2200289 a 4500
001 - CONTROL NUMBER
control field 633367
003 - CONTROL NUMBER IDENTIFIER
control field OSt
005 - DATE AND TIME OF LATEST TRANSACTION
control field 20110916162447.0
008 - FIXED-LENGTH DATA ELEMENTS--GENERAL INFORMATION
fixed length control field 930224s1993 ne b 001 0 eng
010 ## - LIBRARY OF CONGRESS CONTROL NUMBER
LC control number 93007248
020 ## - INTERNATIONAL STANDARD BOOK NUMBER
International Standard Book Number 9004098453 (cloth)
040 ## - CATALOGING SOURCE
Original cataloging agency DLC
Transcribing agency DLC
Modifying agency DLC
050 00 - LIBRARY OF CONGRESS CALL NUMBER
Classification number PJ6696
Item number .V47 1993
082 00 - DEWEY DECIMAL CLASSIFICATION NUMBER
Classification number 492/.75
Edition number 20
100 1# - MAIN ENTRY--PERSONAL NAME
Personal name Versteegh, C. H. M.
9 (RLIN) 10216
245 10 - TITLE STATEMENT
Title Arabic grammar and Qur'anic exegesis in early Islam /
Statement of responsibility, etc by C.H.M. Versteegh.
260 ## - PUBLICATION, DISTRIBUTION, ETC. (IMPRINT)
Place of publication, distribution, etc Leiden ;
-- New York :
Name of publisher, distributor, etc E.J. Brill,
Date of publication, distribution, etc 1993.
300 ## - PHYSICAL DESCRIPTION
Extent xi, 230 p. ;
Dimensions 25 cm.
440 #0 - SERIES STATEMENT/ADDED ENTRY--TITLE
Title Studies in Semitic languages and linguistics,
International Standard Serial Number 0081-8461 ;
Volume number/sequential designation 19
9 (RLIN) 10217
504 ## - BIBLIOGRAPHY, ETC. NOTE
Bibliography, etc Includes bibliographical references (p. [207]-216) and indexes.
630 00 - SUBJECT ADDED ENTRY--UNIFORM TITLE
Uniform title Koran
General subdivision Language, style.
9 (RLIN) 10218
630 00 - SUBJECT ADDED ENTRY--UNIFORM TITLE
Uniform title Koran
General subdivision Commentaries
-- History and criticism.
9 (RLIN) 7305
650 #0 - SUBJECT ADDED ENTRY--TOPICAL TERM
Topical term or geographic name as entry element Arabic language
General subdivision Grammar
-- History.
9 (RLIN) 10219
906 ## - LOCAL DATA ELEMENT F, LDF (RLIN)
a 7
b cbc
c orignew
d 1
e ocip
f 19
g y-gencatlg
942 ## - ADDED ENTRY ELEMENTS (KOHA)
Source of classification or shelving scheme Library of Congress Classification
Koha item type Books
Holdings
Withdrawn status Lost status Source of classification or shelving scheme Damaged status Not for loan Collection code Home library Current library Shelving location Date acquired Source of acquisition Cost, normal purchase price Total Checkouts Full call number Barcode Date last seen Copy number Price effective from Koha item type
    Library of Congress Classification     General Circulation AIU/NEGST - Tony Wilmot Memorial Library AIU/NEGST - Tony Wilmot Memorial Library General Stacks 09/16/2011 Donation - TBN 60.00   PJ 6696.V47 1993 R39756X3232 09/26/2019 1 09/16/2011 Books